Impuesto de renta : (Registro nro. 6740)
[ vista simple ]
| 000 -LEADER | |
|---|---|
| fixed length control field | 01335nam a22002777a 4500 |
| 003 - CONTROL NUMBER IDENTIFIER | |
| control field | OSt |
| 005 - DATE AND TIME OF LATEST TRANSACTION | |
| control field | 20200704130252.0 |
| 008 - FIXED-LENGTH DATA ELEMENTS--GENERAL INFORMATION | |
| fixed length control field | 200704b2014 ck ||||fr|||| 00| 0 spa d |
| 020 ## - INTERNATIONAL STANDARD BOOK NUMBER | |
| International Standard Book Number | 9789587711295 |
| 040 ## - CATALOGING SOURCE | |
| Original cataloging agency | CO-JMCR |
| Transcribing agency | CO-JMCR |
| 041 0# - LANGUAGE CODE | |
| Language code of text/sound track or separate title | spa |
| 082 04 - DEWEY DECIMAL CLASSIFICATION NUMBER | |
| Classification number | 336.24 / |
| Item number | G216i1 |
| Edition number | 23 |
| 100 1# - MAIN ENTRY--PERSONAL NAME | |
| Personal name | García Restrepo, Javier, |
| Relator term | autor |
| 9 (RLIN) | 6663 |
| 245 10 - TITLE STATEMENT | |
| Title | Impuesto de renta : |
| Remainder of title | las grandes falencias del contribuyente / |
| Statement of responsibility, etc. | Javier E. García Restrepo |
| 250 ## - EDITION STATEMENT | |
| Edition statement | Segunda edición |
| 260 ## - PUBLICATION, DISTRIBUTION, ETC. | |
| Place of publication, distribution, etc. | Bogotá : |
| Name of publisher, distributor, etc. | Ecoe, |
| Date of publication, distribution, etc. | 2014 |
| 300 ## - PHYSICAL DESCRIPTION | |
| Extent | xv, 350 páginas ; |
| Dimensions | 24 cm. |
| 490 0# - SERIES STATEMENT | |
| Series statement | Ciencias empresariales. Impuestos |
| 500 ## - GENERAL NOTE | |
| General note | Incluye glosario. |
| 504 ## - BIBLIOGRAPHY, ETC. NOTE | |
| Bibliography, etc. note | Bibliografía: páginas 349-350 |
| 505 0# - FORMATTED CONTENTS NOTE | |
| Formatted contents note | No leer el Estatuto Tributario de acuerdo con las coherencias -- Predicar que todos los dividendos son no constitutivos de renta ni ganancia ocasional -- Solicitar como I.N.C.R.N.G.O la indemnización por daño emergente conjuntamente con el costo fiscal<br/> |
| 520 ## - SUMMARY, ETC. | |
| Summary, etc. | Ahora, a la luz de la Ley 1607 de 2012 se tratan aquellos pecados o falencias considerados importantes, y con la seguridad de que cada vez que lea una norma, actual o no, o cuando se entienda mejor el suceder tributario.<br/> |
| 650 14 - SUBJECT ADDED ENTRY--TOPICAL TERM | |
| Topical term or geographic name entry element | Impuestos sobre la renta |
| Geographic subdivision | Colombia |
| 9 (RLIN) | 6666 |
| 650 14 - SUBJECT ADDED ENTRY--TOPICAL TERM | |
| Topical term or geographic name entry element | Cuentas de orden fiscal |
| Geographic subdivision | Colombia |
| 9 (RLIN) | 6666 |
| 942 ## - ADDED ENTRY ELEMENTS (KOHA) | |
| Source of classification or shelving scheme | Dewey Decimal Classification |
| Koha item type | Books |
| Withdrawn status | Lost status | Source of classification or shelving scheme | Damaged status | Not for loan | Collection code | Home library | Current library | Date acquired | Source of acquisition | Cost, normal purchase price | Total Checkouts | Full call number | Barcode | Date last seen | Copy number | Price effective from | Koha item type |
|---|---|---|---|---|---|---|---|---|---|---|---|---|---|---|---|---|---|
| Dewey Decimal Classification | Non-fiction | Biblioteca Pública José María del Castillo y Rada | Biblioteca Pública José María del Castillo y Rada | 01/01/2014 | Donación | 0.00 | 336.24 / G216i1 | 430003437 | 05/16/2024 | Ej.1 | 07/04/2020 | Books |